000 00215 a2200097 4500
001 49492
100 _aAusten
245 _aNorthanger abbey
260 _aLondon
_bCollins clear type press
_c
090 _c32023
_d32023
942 _aNUST-CAE
_cM
_c24474
999 _c284565
_d284565